Goal of the Season Quiz Stats

 Plays Quiz Updated Jun 28, 2016

Score 0/48 Timer 07:00
0 Plays Today
Season Goalscorer % Correct
2004/05Wayne Rooney
85.5%
2006/07Wayne Rooney
85.5%
2017/18Jamie Vardy
82%
2002/03Thierry Henry
78.9%
2005/06Steven Gerrard
78.7%
2012/13Robin Van Persie
73.4%
2015/16Dele Alli
65.7%
1997/98Dennis Bergkamp
62%
2001/02Dennis Bergkamp
62%
1998/99Ryan Giggs
61.1%
2013/14Jack Wilshere
60.3%
2011/12Papiss Cisse
58.3%
2014/15Jack Wilshere
54.7%
2016/17Emre Can
53.9%
1994/95Matthew Le Tissier
46.5%
2007/08Emmanuel Adebayor
43.8%
1999/00Paolo Di Canio
42.7%
1995/96Tony Yeboah
37.6%
1989/90Ian Wright
34.9%
2010/11Wayne Rooney
31.3%
1990/91Paul Gascoigne
31.1%
1982/83Kenny Dalglish
27.8%
1996/97Trevor Sinclair
27.6%
1992/93Dalian Atkinson
19.6%
Season Goalscorer % Correct
1991/92Mickey Thomas
18.5%
1971/72Ronnie Radford
17.4%
1987/88John Aldridge
15.9%
1988/89John Aldridge
15.9%
2003/04Dietmar Hamann
14.1%
2000/01Shaun Bartlett
12.9%
1979/80Justin Fashanu
11.2%
1984/85Graeme Sharp
11.2%
1993/94Rod Wallace
10.9%
2009/10Maynor Figueroa
10.7%
1985/86Bryan Robson
10.6%
1983/84Danny Wallace
10.6%
1975/76Gerry Francis
10.1%
2008/09Glen Johnson
10.2%
1972/73Peter Osgood
10%
1981/82Cyrille Regis
10%
1986/87Keith Houchen
9.6%
1977/78Archie Gemmill
7.4%
1976/77Terry McDermott
7.2%
1970/71Ernie Hunt
6.6%
1978/79Ray Kennedy
5.4%
1980/81Tony Morley
4.7%
1973/74Alan Mullery
4.4%
1974/75Mickey Walsh
4.3%

You're not logged in!

Compare scores with friends on all Sporcle quizzes.
OR
Log In

Sporcle TV

Today on Sporcle TV


Watch our educational content, quiz creation guides, and fun videos on Sporcle TV.

Show Comments

Extras

Top Quizzes Today


Score Distribution

Your Account Isn't Verified!

In order to create a playlist on Sporcle, you need to verify the email address you used during registration. Go to your Sporcle Settings to finish the process.

Report this User

Report this user for behavior that violates our Community Guidelines.

Details: